书目信息 |
| 题名: |
全国高等学校图书馆工作会议文集
|
|
| 作者: | ;全国高等学校图书馆工作委员会秘书处 编 | |
| 分册: | ||
| 出版信息: | 1981 |
|
| 页数: | 358页 | |
| 开本: | 20cm | |
| 丛书名: | ||
| 单 册: | ||
| 中图分类: | G258.6 , G250-53 | |
| 科图分类: | ||
| 主题词: | 院校图书馆-图书馆工作--中国--会议资料 , 图书馆工作-高等学校--中国--会议资料 | |
| 电子资源: | ||
| ISBN: | ||
| 000 | 00984nam0 2200241 45 | |
| 001 | 0188018167 | |
| 005 | 20060909150603.12 | |
| 020 | @aCN@b88018167 | |
| 100 | @a19910417d1981 m y0chiy0120 ea | |
| 101 | 0 | @achi |
| 102 | @aCN@b210000 | |
| 105 | @ay m 000yy | |
| 200 | 10 | @a全国高等学校图书馆工作会议文集@Aquan guo gao deng xue xiao tu shu guan gong zuo hui yi wen ji@f全国高等学校图书馆工作委员会秘书处编@Fquan guo gao deng xue xiao tu shu guan gong zuo wei yuan hui mi shu chu bian |
| 210 | @d1981 | |
| 215 | @a358页@d20cm | |
| 540 | 1 | @a全国高等学校图书馆工作会议文集@Aquan guo gao deng xue xiao tu shu guan gong zuo hui yi wen ji |
| 606 | @a院校图书馆-图书馆工作@y中国@x会议资料 | |
| 606 | @a图书馆工作-高等学校@y中国@x会议资料 | |
| 690 | @aG258.6@v1980 | |
| 690 | @aG250-53@v3 | |
| 711 | 02 | @a全国高等学校图书馆工作委员会秘书处@Aquan guo gao deng xue xiao tu shu guan gong zuo wei yuan hui mi shu chu@4编 |
| 801 | 0 | @aCN@bTSSF@c20060909 |
| 905 | @a10447@dG250-53@e108 | |
| 全国高等学校图书馆工作会议文集/全国高等学校图书馆工作委员会秘书处编.-1981 |
| 358页;20cm |
| ISBN : |
| ● |
| 相关链接 |
|
|
|
|
正题名:全国高等学校图书馆工作会议文集
索取号:G250-53/108
 
预约/预借
| 序号 | 登录号 | 条形码 | 馆藏地/架位号 | 状态 | 备注 |
| 1 | 0471760 | 204717609 | 密集书库/ [索取号:G250-53/108] | 在馆 |